00843nam a22001937a 4500008004100000020001500041050002200056100004500078245009900123250001700222260003500239300002700274504011700301505011600418650001900534650002200553650003600575700003800611130115t xxu||||| |||| 00| 0 eng d a9681325509 aKGF5819bG37 1982 aGarcía Ramírez, Sergiod1938-eautor aProntuario del proceso penal mexicanoc / Sergio García Ramírez ; Victoria Adato de Ibarra a2a edición aMéxicob : Porrúac , 1984 axxxvii ; 709 páginas aIncluye: Nota sobre la segunda edición Prólogo Índice de contenido Apéndice Bibliografía (pp. 707-709) aEsquema del procedimiento penal mexicano Instruccón Actos preparatorios del juicio Juicio Incidentes Recursos 0aJURISDICCIÓN 0aCUERPO DEL DELITO 0aJUICIOxDERECHO PENALzMÉXICO aAdato de Ibarra, Victoriaeautora